[Event "Salo op"]
[Site "Salo"]
[Date "1991.??.??"]
[Round "3"]
[White "Schulman, Leonid"]
[Black "Nokso Koivisto, Antti"]
[Result "0-1"]
[WhiteElo "2290"]
[BlackElo "2370"]

1.d4 d5 2.Nf3 Nf6 3.c4 e6 4.g3 Be7 5.Bg2 O-O 6.O-O dxc4 7.Qa4 a6 8.Qxc4 b5
9.Qc2 Bb7 10.Nc3 Nbd7 11.Bg5 Rc8 12.Rad1 h6 13.Bxf6 Nxf6 14.a3 Qe8 15.b4 a5
16.Rb1 axb4 17.axb4 Bxf3 18.Bxf3 c6 19.Ne4 Nd5 20.Nc5 Ra8 21.Bxd5 cxd5 22.Ra1 Qc6
23.Qd3 Bxc5 24.dxc5 Ra4 25.Rxa4 bxa4 26.Rc1 Rb8 27.Rb1 Ra8 28.Rc1 Rb8 29.Rb1 Ra8
30.Ra1 Rb8 31.Qa3 Ra8 32.Rb1 Rc8 33.h4 h5 34.Kh2 g6 35.Qe3 Kf8 36.Qe5 Kg8
37.g4 hxg4 38.h5 gxh5 39.Qxh5 Kf8 40.Qxg4 Qc7+ 41.f4 a3 42.Ra1 Ra8 43.Qh4 Ra4
44.e3 a2 45.Qf6 Ke8 46.Rg1 Kd7 47.Qxf7+ Kc6 48.Qxe6+ Kb5 49.Qf6 Qh7+ 50.Kg2 Qg8+
51.Kf2 Qxg1+ 52.Kxg1 a1=Q+  0-1

[Event "Santa Clara"]
[Site "Santa Clara"]
[Date "1991.??.??"]
[Round "1"]
[White "Nogueiras, Jesus"]
[Black "Pigusov, Evgeny"]
[Result "1/2-1/2"]
[WhiteElo "2535"]
[BlackElo "2540"]

1.d4 Nf6 2.c4 e6 3.g3 d5 4.Bg2 Be7 5.Nf3 O-O 6.O-O dxc4 7.Qc2 a6 8.a4 Bd7
9.Qxc4 Bc6 10.Bg5 Nbd7 11.Nc3 h6 12.Bxf6 Nxf6 13.Rac1 a5 14.Ne5 Bxg2 15.Kxg2 c6
16.e3 Qb6 17.Rfd1 Rfd8 18.Qe2 Rac8 19.Nc4 Qa6 20.Ne5 Qb6 21.h4 c5 22.dxc5 Rxc5
23.Rxd8+ Qxd8 24.Nf3 Qe8 25.Rd1 Nd5 26.Nxd5 exd5 27.b3 Bf6 28.Nd4 Qe4+ 29.Qf3 Rc3
30.Nf5 Qxf3+ 31.Kxf3  1/2-1/2

[Event "Skopje"]
[Site "Skopje"]
[Date "1991.??.??"]
[Round "3"]
[White "Bogdanovski, Vlatko"]
[Black "Kocovski, Ivan"]
[Result "1-0"]
[WhiteElo "2440"]
[BlackElo "2325"]

1.d4 Nf6 2.Nf3 d5 3.c4 e6 4.g3 Be7 5.Bg2 O-O 6.O-O dxc4 7.Qc2 a6 8.a4 a5
9.Qxc4 Na6 10.Nc3 Nd5 11.e4 Ndb4 12.Rd1 c6 13.Bf4 Nc7 14.Rac1 b6 15.Na2 Ba6
16.Qb3 Be2 17.Rd2 Bxf3 18.Bxf3 Nca6 19.Nxb4 Bxb4 20.Rdd1 Qd7 21.Qc4 Rfc8
22.e5 Bf8 23.Bxc6 Qa7 24.Qb5 Rab8 25.Be3 Nb4 26.d5 exd5 27.Bxd5 Rxc1 28.Rxc1 Qe7
29.Bb3 Qd8 30.Rd1  1-0

[Event "Skopje"]
[Site "Skopje"]
[Date "1991.??.??"]
[Round "11"]
[White "Mikhalchishin, Adrian"]
[Black "Ivanovic, Bozidar"]
[Result "1/2-1/2"]
[WhiteElo "2530"]
[BlackElo "2535"]

1.d4 Nf6 2.Nf3 e6 3.g3 d5 4.Bg2 Be7 5.c4 O-O 6.O-O dxc4 7.Qc2 a6 8.a4 Bd7
9.Qxc4 Bc6 10.Bf4 Nbd7 11.Nc3 Nb6 12.Qb3 a5 13.Rfd1 Bb4 14.Ne5 Bxg2 15.Kxg2 Bxc3
16.Qxc3 Nbd5 17.Qf3 Nxf4+ 18.Qxf4 Ra6 19.Rac1 Rb6 20.Nd3 Rd6 21.Ne5 Rb6 22.Nd3 Rd6
23.Ne5  1/2-1/2

[Event "St Martin op"]
[Site "St Martin"]
[Date "1991.??.??"]
[Round "9"]
[White "Carlhammar, Magnus"]
[Black "Shapiro, Daniel E"]
[Result "1-0"]
[WhiteElo "2290"]
[BlackElo "2090"]

1.d4 d5 2.c4 e6 3.Nf3 Nf6 4.g3 Be7 5.Bg2 O-O 6.O-O dxc4 7.Nc3 c5 8.dxc5 Bxc5
9.Qa4 Qe7 10.Qxc4 Nbd7 11.Rd1 Nb6 12.Qh4 Nbd5 13.Na4 Nd7 14.Nxc5 Qxh4 15.Nxh4 Nxc5
16.Bxd5 exd5 17.Rxd5 b6 18.Be3 Na4 19.Rd2 Be6 20.b3 Nc3 21.Rc1 Nd5 22.Bd4 Rac8
23.Rxc8 Rxc8 24.Bb2 f6 25.Nf3 Rc7 26.Nd4 Kf7 27.e4 Ne7 28.Nxe6 Kxe6 29.f4 h5
30.f5+ Kf7 31.Kg2 g5 32.fxg6+ Kxg6 33.Kh3 Rc6 34.g4 hxg4+ 35.Kxg4 f5+ 36.Kf4 fxe4
37.Rg2+ Kf7 38.Kxe4 Rh6 39.Be5 Re6 40.Rf2+ Kg6 41.Rd2 Nc8 42.Rd7 Rc6 43.Rg7+ Kh6
44.Rc7  1-0

[Event "Struga"]
[Site "Struga"]
[Date "1991.??.??"]
[Round "7"]
[White "Sofrevski, Jovan"]
[Black "Stojanovski, Icko"]
[Result "1-0"]
[WhiteElo "2415"]
[BlackElo "2310"]

1.Nf3 d5 2.d4 Nf6 3.c4 e6 4.g3 Be7 5.Bg2 O-O 6.O-O Nbd7 7.Qc2 c6 8.b3 Re8
9.Rd1 b6 10.Nbd2 Bb7 11.e4 dxe4 12.Nxe4 Nxe4 13.Qxe4 Nf6 14.Qc2 Qc7 15.Bf4 Bd6
16.Bxd6 Qxd6 17.c5 Qc7 18.Ne5 b5 19.a4 a6 20.f4 Nd5 21.Re1 Red8 22.Qd2 Ne7
23.Rad1 Re8 24.Bh3 Rad8 25.Qc2 Bc8 26.Bg2 f6 27.Nf3 Nf5 28.Qc3 Re7 29.Re4 Bd7
30.Rde1 Be8 31.Bh3 Bg6 32.g4 Nh6 33.f5 Bf7 34.g5 fxg5 35.Nxg5 e5 36.Rxe5 Rxe5
37.dxe5 Bd5 38.e6 Qe7 39.Qe3 Rf8 40.Rf1 Bxb3 41.Ne4 Bd5 42.f6 gxf6 43.Nd6 Qg7+
44.Kf2 f5 45.e7 Qb2+ 46.Kg1  1-0

[Event "Subotica Interzonal (Women)"]
[Site "Subotica"]
[Date "1991.??.??"]
[Round "10"]
[White "Kachiani Gersinska, Ketino"]
[Black "Botsari Miladinovic, Anna Maria"]
[Result "1-0"]
[WhiteElo "2345"]
[BlackElo "2285"]

1.d4 Nf6 2.c4 e6 3.g3 d5 4.Nf3 Be7 5.Bg2 O-O 6.Nc3 dxc4 7.Ne5 Nc6 8.Bxc6 bxc6
9.Nxc6 Qe8 10.Nxe7+ Qxe7 11.Qa4 c5 12.Qxc4 cxd4 13.Qxd4 e5 14.Qh4 Rb8 15.O-O Rb4
16.e4 h6 17.f3 Rd8 18.Re1 Rd3 19.Kg2 Qd6 20.g4 Nh7 21.Qf2 h5 22.g5 Nf8 23.Be3 Ne6
24.Rad1 Rdd4 25.Nd5 Rb5 26.Bxd4 exd4 27.Rxd4 Qe5 28.Rd2 Qxg5+ 29.Kh1 Bb7
30.Rg1 Qh6 31.b3 Kh7 32.Qe3 g5 33.a4 Rc5 34.b4 Rc4 35.Qxa7 g4 36.Qxb7 Qxd2
37.Qxf7+  1-0

[Event "Sydney Cepacol"]
[Site "Sydney"]
[Date "1991.??.??"]
[Round "1"]
[White "Gedevanishvili, Dmitry"]
[Black "Solomon, Stephen J"]
[Result "1/2-1/2"]
[WhiteElo "2400"]
[BlackElo "2420"]

1.d4 Nf6 2.c4 e6 3.g3 d5 4.Bg2 Be7 5.Nf3 O-O 6.Nc3 dxc4 7.Ne5 Na6 8.Nxc4 c5
9.dxc5 Qxd1+ 10.Nxd1 Nxc5 11.Nc3 Rd8 12.O-O Nd5 13.Bd2 b6 14.b4 Na6 15.a3 Bb7
16.Rac1 Nac7 17.Rfe1 f6 18.Nb1 Ne8 19.e4 Ndc7 20.f4 Rac8 21.Be3 Nb5 22.Ncd2 Nd4
23.Rxc8 Bxc8 24.Kf2 a5 25.bxa5 bxa5 26.Rc1 Ba6 27.Bh3 Kf7 28.Nf3 Nxf3 29.Kxf3 Bb7
30.Nd2 Bxa3 31.Rb1 Bb4 32.Nc4 f5 33.Kf2 Bxe4 34.Ra1 Nd6 35.Nxa5 Bd5 36.Ra4 Ne4+
37.Kg1 Rb8 38.Bf1 Bxa5 39.Rxa5 Rb1 40.Ra7+ Kg6 41.Rc7 Rb3 42.Bd4 Rb1 43.Be3 h6
44.Rc1 Rb2 45.Bd4 Rd2 46.Be5 Nf2 47.Bc3 Ra2 48.Re1 Rc2 49.Bd4 Ng4 50.Be2 Nxh2
51.Bf2 Rxe2 52.Rxe2 Nf3+ 53.Kg2 Nd4+ 54.Kf1 Nxe2 55.Kxe2 Kh5 56.Bd4 Kg4 57.Bxg7 h5
58.Kf2 h4 59.gxh4 Kxf4 60.h5 e5 61.h6 Bg8 62.Bf8 Ke4  1/2-1/2

[Event "SVK-ch"]
[Site "Trencin"]
[Date "1991.??.??"]
[Round "?"]
[White "Kebis, Milos"]
[Black "Sarkozy, Ladislav"]
[Result "0-1"]
[WhiteElo "2080"]
[BlackElo "2300"]

1.c4 e6 2.d4 d5 3.Nf3 Be7 4.g3 Nf6 5.Bg2 O-O 6.O-O c6 7.b3 Nbd7 8.Nbd2 a5
9.Qc2 a4 10.Bb2 Re8 11.c5 b6 12.bxa4 bxc5 13.dxc5 Nxc5 14.Ng5 h6 15.Ngf3 Bd7
16.Bd4 Nxa4 17.Nb3 c5 18.Be5 Ng4 19.Bf4 Bf6 20.Rac1 e5  0-1

[Event "Valby K41"]
[Site "Valby"]
[Date "1991.??.??"]
[Round "9"]
[White "Razuvaev, Yuri S"]
[Black "Greger, Roland"]
[Result "1-0"]
[WhiteElo "2590"]
[BlackElo "2370"]

1.d4 Nf6 2.c4 e6 3.g3 d5 4.Bg2 Be7 5.Nf3 O-O 6.Qc2 dxc4 7.O-O c6 8.a4 Nbd7
9.Qxc4 Qc7 10.Nc3 e5 11.a5 a6 12.Rd1 exd4 13.Bf4 Bd6 14.Bxd6 Qxd6 15.Qxd4 Qe7
16.Qd6 Re8 17.Qxe7 Rxe7 18.Nd4 Ne5 19.f4 Nc4 20.Nxc6 bxc6 21.Rd8+ Re8 22.Rxe8+ Nxe8
23.Bxc6 Rb8 24.Bxe8 Bh3 25.Bc6 Rxb2 26.Bd5 Be6 27.Bxe6 fxe6 28.Ra4 Ne3 29.Rd4 Rc2
30.Rd3 Nc4 31.Kf2 Nxa5 32.Rd8+ Kf7 33.Ne4 h6 34.Rd7+ Kf8 35.Ra7 Rc6 36.g4 Nc4
37.h4 a5 38.g5 hxg5 39.hxg5 Rc8 40.Kf3 Rc6 41.g6 Nd6 42.Ng5 Nf5 43.Ke4 Nd6+
44.Ke5 Nc4+ 45.Kd4 Nb6 46.Rf7+ Kg8 47.Rb7 a4 48.Rb8+ Nc8 49.Nxe6 a3 50.Ra8 a2
51.f5 Rc2 52.e4 a1=Q+ 53.Rxa1 Nb6 54.Ra6 Rc4+ 55.Kd3 Rc6 56.e5  1-0

[Event "Vienna op"]
[Site "Vienna"]
[Date "1991.??.??"]
[Round "4"]
[White "Savchenko, Stanislav"]
[Black "Dutreeuw, Marc"]
[Result "1-0"]
[WhiteElo "2485"]
[BlackElo "2410"]

1.d4 d5 2.c4 e6 3.Nf3 Nf6 4.g3 Be7 5.Bg2 O-O 6.Nc3 dxc4 7.Ne5 Nc6 8.Bxc6 bxc6
9.Nxc6 Qe8 10.Nxe7+ Qxe7 11.Qa4 Bb7 12.O-O Bd5 13.Bg5 c5 14.Qa3 Rac8 15.Rad1 Ba8
16.f3 h6 17.Bxf6 Qxf6 18.Qxa7 cxd4 19.Qxd4 e5 20.Qe3 Rb8 21.Rd2 Rb4 22.Rfd1 Rfb8
23.Qc5 Kh7 24.Rd7 Rxb2 25.Qxc4 Rc2 26.R7d6 Qf5 27.g4 Rc8 28.Qa4 Qf4  1-0

[Event "Vienna"]
[Site "Vienna"]
[Date "1991.??.??"]
[Round "6"]
[White "Fauland, Alexander"]
[Black "Brestian, Egon"]
[Result "1-0"]
[WhiteElo "2475"]
[BlackElo "2475"]

1.d4 d5 2.c4 e6 3.Nf3 Nf6 4.g3 Be7 5.Bg2 O-O 6.O-O c5 7.cxd5 Nxd5 8.e4 Nf6
9.Nc3 cxd4 10.Nxd4 e5 11.Ndb5 a6 12.Qxd8 Bxd8 13.Nd6 Nc6 14.Be3 Be7 15.Rfd1 Rd8
16.Nxc8 Rxd1+ 17.Rxd1 Rxc8 18.Bb6 Bd8 19.h3 Rb8 20.Bxd8 Rxd8 21.Rxd8+ Nxd8
22.f4 exf4 23.gxf4 Nh5 24.Nd5 Ne6 25.f5 Nc5 26.e5 Nd3 27.e6 fxe6 28.fxe6 Nf6
29.Nxf6+ gxf6 30.Be4 Nxb2 31.Bxh7+ Kf8 32.h4 Nc4 33.h5 Ne5 34.Be4 Ng4 35.Bxb7 a5
36.Bf3 Nh6 37.Kf2 Ke7 38.Bd5 Kd6 39.Ke2 Nf5 40.Kd3 Ne7 41.h6  1-0

[Event "Warsaw Legion op"]
[Site "Warsaw"]
[Date "1991.??.??"]
[Round "9"]
[White "Gleizerov, Evgeny"]
[Black "Kveinys, Aloyzas"]
[Result "1/2-1/2"]
[WhiteElo "2485"]
[BlackElo "2435"]

1.d4 Nf6 2.c4 e6 3.g3 d5 4.Bg2 Be7 5.Nf3 O-O 6.O-O Na6 7.Nc3 b6 8.cxd5 exd5
9.Qc2 Nb4 10.Qb1 a5 11.a3 Na6 12.Rd1 Bb7 13.Bf4 Re8 14.Be5 Nh5 15.g4 Nf6
16.h3 Qd7 17.Qc2 b5 18.Qb3 c6 19.Rac1 Rac8 20.e3 h5 21.g5 Nh7 22.Bf4 Qd8
23.h4 Nf8 24.e4 Ng6 25.Bg3 b4 26.exd5 cxd5 27.Nb5 Qd7 28.a4 Rxc1 29.Rxc1 Rc8
30.Re1 Bf8 31.Kh2 Rd8 32.Rc1 Bc6 33.Bf1 Nb8 34.Bd3 Bxb5 35.axb5 Bd6 36.Ne5 Bxe5
37.dxe5 Nxh4 38.Bxh4 Qg4 39.Bg3 h4 40.Bf1 Qxg5 41.f4  1/2-1/2

[Event "Zalakaros op"]
[Site "Zalakaros"]
[Date "1991.??.??"]
[Round "9"]
[White "Konopka, Michal"]
[Black "Sinkovics, Peter"]
[Result "1/2-1/2"]
[WhiteElo "2390"]
[BlackElo "2370"]

1.Nf3 Nf6 2.c4 e6 3.g3 d5 4.d4 Be7 5.Bg2 dxc4 6.O-O a6 7.Ne5 Nbd7 8.Nxc4 O-O
9.Nc3 Rb8 10.Bf4 b6 11.e4 Bb7 12.Qe2 Re8 13.Rfd1 Nf8 14.Ne5 Ng6 15.Nxg6 hxg6
16.Rac1 Bf8 17.e5 Bxg2 18.Kxg2 Nd5 19.Qf3 Qe7 20.Nxd5 exd5 21.e6 Qxe6 22.Rxc7 Rbc8
23.Rdc1 Rxc7 24.Rxc7 Re7  1/2-1/2

[Event "Altensteig"]
[Site "Altensteig"]
[Date "1992.??.??"]
[Round "9"]
[White "Romanishin, Oleg M"]
[Black "Brunner, Lucas"]
[Result "1-0"]
[WhiteElo "2555"]
[BlackElo "2490"]

1.d4 Nf6 2.Nf3 d5 3.c4 e6 4.g3 Be7 5.Bg2 O-O 6.O-O dxc4 7.Qc2 a6 8.a4 Bd7
9.Rd1 Bc6 10.Nc3 Bxf3 11.Bxf3 Nc6 12.Bxc6 bxc6 13.a5 Rb8 14.Qa4 Rb4 15.Qxc6 Qd6
16.Qf3 Rfb8 17.e4 Qc6 18.d5 exd5 19.e5 Ne8 20.Nxd5 Kf8 21.Qh5 R4b5 22.Qxh7 f6
23.Qg8+  1-0

[Event "Wch U26"]
[Site "Antwerp"]
[Date "1992.??.??"]
[Round "5"]
[White "San Segundo, Pablo"]
[Black "Janjgava, Lasha"]
[Result "1/2-1/2"]
[WhiteElo "2425"]
[BlackElo "2485"]

1.d4 Nf6 2.Nf3 d5 3.c4 e6 4.g3 Be7 5.Bg2 O-O 6.O-O dxc4 7.Na3 Bxa3 8.bxa3 Bd7
9.Ne5 Bc6 10.Nxc6 Nxc6 11.Bb2 Nd5 12.Rb1 Nb6 13.e3 Qe7 14.Qc2 Rfd8 15.Rfd1 Rd7
16.Qc3 Qf8 17.a4 a5 18.Ba3 Qd8 19.Bc5 e5 20.Bxb6 cxb6 21.d5 Nb4 22.Qxc4 Rc8
23.Qb3 Rd6 24.e4 Na6 25.Rdc1  1/2-1/2

[Event "ARG-ch"]
[Site "ARG"]
[Date "1992.??.??"]
[Round "?"]
[White "Rubinetti, Jorge A"]
[Black "Adla, Diego"]
[Result "1-0"]
[WhiteElo "2450"]
[BlackElo "2435"]

1.d4 Nf6 2.Nf3 d5 3.c4 e6 4.g3 Be7 5.Bg2 O-O 6.O-O c6 7.Qc2 Na6 8.b3 b6 9.Nc3 Bb7
10.Rd1 Rc8 11.e4 dxe4 12.Nxe4 Nxe4 13.Qxe4 Nc7 14.Bb2 Ne8 15.Ne5 Nd6 16.Qg4 Re8
17.Bxc6 Bxc6 18.Nxc6 Qc7 19.d5 Bf8 20.Re1 exd5 21.cxd5 Qb7 22.a4 a6 23.h4 b5
24.a5 f5 25.Qf4 Qf7 26.Rxe8 Rxe8 27.Rd1 Re4 28.Qf3 f4 29.Be5 fxg3 30.Qxf7+ Nxf7
31.Bxg3 Bd6 32.Kf1 h5 33.Re1 Rxe1+ 34.Kxe1 Kf8 35.Ke2 Ke8 36.Ke3 Kd7 37.Ke4 g5
38.hxg5 Nxg5+ 39.Kf5 Nf3 40.b4 h4 41.Bxd6 Kxd6 42.Kg4 Ne1 43.Nb8 Nd3 44.Nxa6 Nxf2+
45.Kxh4 Nd3 46.Kg4 Kxd5 47.Kf5 Kd6 48.Ke4 Nf2+ 49.Kd4 Ng4 50.Nc5 Kc6 51.Nb3 Kd6
52.Nd2 Kc6 53.Nf3 Nf6 54.Ke5 Nd7+ 55.Ke6 Nb8 56.Nd4+ Kb7 57.Kd6 Na6 58.Nc6 Ka8
59.Ke7 Nc7 60.Kd7 Nd5 61.Kd6 Nc7 62.Ne5  1-0

[Event "Auckland"]
[Site "Auckland"]
[Date "1992.??.??"]
[Round "2"]
[White "Small, Vernon A"]
[Black "Martin, Benjamin"]
[Result "0-1"]
[WhiteElo "2390"]
[BlackElo "2320"]

1.Nf3 Nf6 2.c4 e6 3.g3 d5 4.Bg2 Be7 5.d4 O-O 6.O-O c6 7.Nc3 b6 8.Ne5 Bb7
9.e4 Nbd7 10.Nxc6 Bxc6 11.exd5 exd5 12.cxd5 Bb7 13.d6 Bxg2 14.dxe7 Qxe7 15.Kxg2 Rfd8
16.Qf3 Qb4 17.Rd1 h6 18.Rb1 Rac8 19.Bf4 Qc4 20.Rbc1 a6 21.Qb7 Ra8 22.b3 Qb4
23.Na4 Re8 24.Rc6 b5 25.Bd6 Qa5 26.Nc3 b4 27.Qxb4 Qh5 28.Qc4 Ne4 29.Qe2 Qxe2
30.Nxe2 Re6 31.d5 Rxd6 32.f3 Ne5 33.Rxd6 Nxd6 34.Rc1 Rc8 35.Rxc8+ Nxc8 36.b4 Kf8
37.Nd4 Nc4 38.Kf2 N4b6 39.Nc6 Nxd5 40.Ke2 Ncb6 41.Kd2 Ke8 42.Kc2 Na4 43.Kb3 Nab6
44.a4 Nc7 45.a5 Nbd5 46.Kc4 Kd7 47.Kc5 f6 48.h4 Ne3 49.Nb8+ Kc8 50.Nc6 Nb5  0-1

[Event "AUT-chT"]
[Site "AUT"]
[Date "1992.??.??"]
[Round "?"]
[White "Horvath, Csaba"]
[Black "Brestian, Egon"]
[Result "1-0"]
[WhiteElo "2485"]
[BlackElo "2470"]

1.d4 d5 2.Nf3 Nf6 3.c4 e6 4.g3 Be7 5.Bg2 O-O 6.Nc3 c5 7.cxd5 exd5 8.O-O Nc6
9.Bg5 Be6 10.dxc5 Bxc5 11.Bxf6 Qxf6 12.Nxd5 Qxb2 13.Nc7 Rad8 14.Qc1 Qxc1
15.Raxc1 Bb6 16.Nxe6 fxe6 17.e3 h6 18.Rc4 Rd6 19.h4 Rf5 20.Rb1 Kf7 21.a4 Ke7
22.Re4 Rc5 23.Bh3 g5 24.hxg5 hxg5 25.Bg4 Kf6 26.Kg2 Ne5 27.Rh1 Nxg4 28.Rxg4 Rc2
29.Nxg5 Kf5 30.Ne4 Kxg4 31.Rh4+ Kf5 32.Nxd6+ Ke5 33.Nc4+ Kd5 34.Nxb6+ axb6
35.Rh7 Kc6 36.Re7 Rc4 37.Rxe6+ Kc7 38.f4 Rxa4 39.f5  1-0

[Event "Oberliga Baden9192"]
[Site "Baden"]
[Date "1992.??.??"]
[Round "?"]
[White "Dubeck, Michael"]
[Black "Schmidt Schaeffer, Sebastian"]
[Result "0-1"]
[WhiteElo "2335"]
[BlackElo "2270"]

1.Nf3 Nf6 2.g3 d5 3.Bg2 e6 4.d4 Be7 5.c4 O-O 6.O-O dxc4 7.Qa4 Qd5 8.Nc3 Qc6
9.Qc2 Nbd7 10.Bf4 Nd5 11.Rfd1 b5 12.Ng5 g6 13.h4 Bb7 14.Nh3 Qb6 15.Bh6 Rfe8
16.h5 Rad8 17.hxg6 hxg6 18.e4 Nb4 19.Qe2 c5 20.a4 cxd4 21.Nxb5 Ne5 22.Bf4 d3
23.Qd2 Nbc6 24.Be3 Bc5 25.Bxc5 Qxc5 26.Qh6 Ng4 27.Qf4 Nce5 28.Rd2 Kg7 29.Rc1 a6
30.Nc3 Rh8 31.Rf1 f6 32.Nd1 Rxh3 33.Bxh3 g5 34.Qxg4 Nxg4 35.Bxg4 Bxe4 36.Nc3 Bb7
37.Re1 Rh8 38.Ne4 f5  0-1

[Event "Balatonbereny op"]
[Site "Balatonbereny"]
[Date "1992.??.??"]
[Round "9"]
[White "Tregubov, Pavel V"]
[Black "Lirindzakis, Timotheos"]
[Result "1/2-1/2"]
[WhiteElo "2440"]
[BlackElo "2325"]

1.d4 Nf6 2.c4 e6 3.g3 d5 4.Bg2 Be7 5.Nf3 O-O 6.Nc3 dxc4 7.Ne5 c5 8.dxc5 Qxd1+
9.Nxd1 Bxc5 10.O-O Nd5 11.Nxc4 Nc6 12.e4 Nb6 13.Be3 Bxe3 14.Ndxe3 Nxc4 15.Nxc4 e5
16.f4 f6 17.fxe5 fxe5 18.Nd6 Rd8 19.Rad1 Bg4 20.Rd5 Rd7 21.Nc4 Rad8 22.Nxe5 Rxd5
23.Nxc6 bxc6 24.exd5 cxd5 25.Rf4 Be6 26.Rd4 Kf7 27.Kf2 Kf6 28.Ra4 Rc8 29.g4 Rc2+
30.Kg3 Rxb2 31.Rxa7 d4 32.g5+ Kxg5 33.Rxg7+ Kf6 34.Rxh7 d3 35.Bf3 d2 36.Rh4  1/2-1/2

[Event "Bankia tt"]
[Site "Bankia"]
[Date "1992.??.??"]
[Round "4"]
[White "Ninov, Kiril"]
[Black "Popov, Petar"]
[Result "1/2-1/2"]
[WhiteElo "2395"]
[BlackElo "2350"]

1.c4 e6 2.Nf3 d5 3.g3 Nf6 4.Bg2 Be7 5.d4 O-O 6.O-O Nbd7 7.Qc2 c6 8.Rd1 b6
9.b3 Ba6 10.Nbd2 Rc8 11.e4 c5 12.exd5 exd5 13.Qf5 g6 14.Qh3 h5 15.Bb2 cxd4
16.Bxd4 Nc5 17.Ne5 Rc7 18.Bf3  1/2-1/2

[Event "Barcelona"]
[Site "Barcelona"]
[Date "1992.??.??"]
[Round "?"]
[White "Kortschnoj, Viktor"]
[Black "Rodriguez Vargas, Orestes"]
[Result "1/2-1/2"]
[WhiteElo "2585"]
[BlackElo "2455"]

1.c4 e6 2.Nf3 d5 3.d4 Nf6 4.g3 Be7 5.Bg2 O-O 6.O-O dxc4 7.Na3 Bxa3 8.bxa3 Nc6
9.Bb2 Rb8 10.Qc2 b5 11.Rad1 Ne7 12.e4 Bb7 13.Rfe1 Ng6 14.h4 Re8 15.Nh2 Qe7
16.Qe2 e5 17.h5 Nf8 18.dxe5 N6d7 19.Ng4 h6 20.f4 Nc5 21.Nf6+ Kh8 22.Nxe8 Rxe8
23.Kh2 Nd3 24.Rxd3 cxd3 25.Qxd3 a6 26.Rd1 Ne6 27.Qd7 Qxd7 28.Rxd7 Rd8 29.Rxd8+ Nxd8
30.f5 c5 31.g4 a5 32.Kg3 Nc6 33.Kf4 c4 34.Bf1 Ba6 35.Be2 b4 36.axb4 axb4
37.Bd1 c3 38.Bc1 Bc4 39.Ba4 Bxa2 40.Bxc6 b3 41.Bd5 b2 42.Bxb2 Bxd5 43.Bxc3 Bb3  1/2-1/2

[Event "Benidorm op"]
[Site "Benidorm"]
[Date "1992.??.??"]
[Round "1"]
[White "Sanchez Guirado, Francisco"]
[Black "Cortinas, Vladimir"]
[Result "1-0"]
[WhiteElo "2340"]
[BlackElo "2210"]

1.d4 d5 2.Nf3 Nf6 3.c4 e6 4.g3 Be7 5.Bg2 c6 6.Qc2 Nbd7 7.O-O O-O 8.b3 Re8
9.Rd1 Qc7 10.Nc3 dxc4 11.bxc4 b6 12.Bf4 Bd6 13.Bxd6 Qxd6 14.e4 Qc7 15.e5 Nh5
16.Ng5 g6 17.Qe4 Bb7 18.Nb5 cxb5 19.Qxb7 Rac8 20.cxb5 Qxb7 21.Bxb7 Rc7 22.Bc6 Rec8
23.Ne4 Nb8 24.Nd6 Rd8 25.Rac1 Nxc6 26.Rxc6 Rdd7 27.Rdc1 Rxc6 28.bxc6  1-0

[Event "Bern op"]
[Site "Bern"]
[Date "1992.??.??"]
[Round "3"]
[White "Rozentalis, Eduardas"]
[Black "Crouch, Colin S"]
[Result "1-0"]
[WhiteElo "2585"]
[BlackElo "2415"]

1.Nf3 d5 2.d4 e6 3.c4 Nf6 4.g3 Be7 5.Bg2 O-O 6.O-O dxc4 7.Qc2 a6 8.a4 Bd7
9.Qxc4 Bc6 10.Nc3 b5 11.Qd3 b4 12.Nb1 Be4 13.Qd1 Nbd7 14.Nbd2 Bb7 15.b3 Ne4
16.Bb2 Nxd2 17.Nxd2 Bxg2 18.Kxg2 c5 19.Nc4 Nb6 20.Rc1 Nxc4 21.Rxc4 Qd5+ 22.f3 Rfd8
23.Qc2 cxd4 24.Rxd4 Qc5 25.Qe4 Rab8 26.Rc1 Rxd4 27.Qxd4 Qxd4 28.Bxd4 h6 29.Kf2 Rd8
30.Be3 Kh7 31.Rc7 Bf6 32.Rxf7 Rd1 33.Ra7 Rb1 34.Rxa6 Rxb3 35.Rb6 Rb1 36.a5 b3
37.a6 b2 38.a7 Ra1 39.Rb7 Kg6 40.g4 h5 41.h3 h4 42.Bc5 Bc3 43.Ke3 Kf6 44.Kd3 Be5
45.f4  1-0

[Event "Biel op"]
[Site "Biel"]
[Date "1992.??.??"]
[Round "3"]
[White "Rogers, Ian"]
[Black "Campora, Daniel H"]
[Result "1-0"]
[WhiteElo "2565"]
[BlackElo "2565"]

1.d4 d5 2.c4 e6 3.Nf3 Nf6 4.g3 Be7 5.Bg2 O-O 6.O-O b6 7.Ne5 Bb7 8.Nc3 Na6
9.cxd5 exd5 10.Nd3 Re8 11.Bg5 Ne4 12.Bxe7 Qxe7 13.Nf4 c6 14.Rc1 Nc7 15.Qa4 Nd6
16.Rfe1 Ne6 17.Nxe6 Qxe6 18.e4 dxe4 19.Nxe4 Nb5 20.Red1 a6 21.Qc4 Rad8 22.a4 Qxc4
23.Rxc4 Nc7 24.a5 bxa5 25.Nc5 Ba8 26.Ra4 Re2 27.b3 Nb5 28.Rxa5 Nxd4 29.Rxa6 Ree8
30.Kf1 g6 31.Ra4 Nb5 32.Rxd8 Rxd8 33.Bf3 Kf8 34.b4 Ke7 35.Ra1 Kd6 36.Be2 Ke7
37.Bc4 h6 38.h4 Ke8 39.f4 Nd6 40.Bd3 Bb7 41.Re1+ Kf8 42.Bxg6 Bc8 43.Bd3 Nb7
44.Be4 Nxc5 45.bxc5 Be6 46.Kf2 Ra8 47.f5 Bc4 48.Bxc6 Rc8 49.Rc1  1-0

[Event "Spring op"]
[Site "Budapest"]
[Date "1992.??.??"]
[Round "?"]
[White "Shipov, Sergei"]
[Black "Letay, Gyula"]
[Result "1-0"]
[WhiteElo "2460"]
[BlackElo "2270"]

1.d4 d5 2.c4 e6 3.Nf3 Nf6 4.g3 Be7 5.Bg2 c6 6.O-O O-O 7.Qc2 b6 8.Rd1 Bb7
9.b3 Nbd7 10.Nc3 Rc8 11.e4 Nxe4 12.Nxe4 dxe4 13.Qxe4 Qc7 14.Bf4 Bd6 15.Bxd6 Qxd6
16.c5 Qe7 17.Rac1 Rfd8 18.b4 Nf6 19.Qc2 b5 20.Ne5 Nd7 21.Be4 Nf8 22.a4 f6
23.Nf3 a6 24.Re1 Qf7 25.Qb2 Qh5 26.Kg2 Rc7 27.Bc2 Bc8 28.Bb3 Kh8 29.Re3 Ng6
30.Rce1 Re7 31.Qc3 Rde8 32.Bc2 Nf8 33.Re4 Ng6 34.R4e3 Nf8 35.Nd2 e5 36.dxe5 Rxe5
37.Rxe5 Bh3+ 38.Kg1 Rxe5 39.Rxe5 fxe5 40.Qf3 Qxf3 41.Nxf3 Ne6 42.axb5 cxb5
43.Nxe5 a5 44.bxa5 Nxc5 45.g4 g6 46.f3 Kg7 47.Bd3  1-0

[Event "Budapest Nuovo"]
[Site "Budapest"]
[Date "1992.??.??"]
[Round "7"]
[White "Stajcic, Nikola"]
[Black "Cladouras, Panagiotis"]
[Result "1-0"]
[WhiteElo "2320"]
[BlackElo "2365"]

1.d4 Nf6 2.Nf3 e6 3.g3 d5 4.c4 Be7 5.Bg2 O-O 6.O-O dxc4 7.Qc2 a6 8.a4 Bd7
9.Ne5 Bc6 10.Nxc6 Nxc6 11.e3 Na5 12.Nd2 c5 13.dxc5 Rc8 14.b4 cxb3 15.Nxb3 Qc7
16.Nxa5 Qxa5 17.Bxb7 Rxc5 18.Qe2 Qc7 19.Bxa6 Rc2 20.Qf3 Qc3 21.Rb1 Ra2 22.Qb7 Qc5
23.Qb3 Qc2 24.Qxc2 Rxc2 25.Bb2 Nd5 26.Rfc1 Rd2 27.Bd4 h5 28.h4 Bf6 29.Bxf6 Nxf6
30.Bb7 Ng4 31.a5 Nxf2 32.a6 Nh3+ 33.Kf1 Rf2+ 34.Ke1 Rd8 35.a7 Rdd2 36.a8=Q+ Kh7
37.Qa6  1-0

[Event "Donau Cup op"]
[Site "Budapest"]
[Date "1992.??.??"]
[Round "9"]
[White "Poluljahov, Aleksandr"]
[Black "Lengyel, Bela"]
[Result "1-0"]
[WhiteElo "2425"]
[BlackElo "2375"]

1.d4 d5 2.Nf3 Nf6 3.c4 e6 4.g3 Be7 5.Bg2 O-O 6.O-O dxc4 7.Na3 c5 8.Nxc4 Nc6
9.dxc5 Bxc5 10.a3 Qe7 11.b4 Rd8 12.Bd2 Bd4 13.Nxd4 Nxd4 14.e3 Nb5 15.Qc2 e5
16.Rfc1 Bg4 17.Qb2 e4 18.a4 Nc7 19.b5 Ncd5 20.Ne5 Bf5 21.h3 h5 22.a5 Re8
23.Nc4 Qe6 24.Kh2 Rad8 25.Be1 g5 26.Qe2 g4 27.h4 Nd7 28.Qa2 Nc5 29.b6 axb6
30.Nxb6 Nd3 31.Rcb1 Nxb6 32.axb6 Qf6 33.Qa5 Bg6 34.Bc3 Qxf2 35.Ra2  1-0

[Event "Buehl rapid"]
[Site "Buehl"]
[Date "1992.??.??"]
[Round "7"]
[White "Panzalovic, Srdjan"]
[Black "Schmidt Schaeffer, Sebastian"]
[Result "0-1"]
[WhiteElo "2405"]
[BlackElo "2270"]

1.Nf3 d5 2.d4 Nf6 3.c4 e6 4.g3 Be7 5.Bg2 O-O 6.O-O dxc4 7.Qc2 a6 8.Qxc4 b5
9.Qc2 Bb7 10.Bg5 Nbd7 11.Nbd2 c5 12.Bxf6 gxf6 13.dxc5 Nxc5 14.Nb3 Rc8 15.Rad1 Qb6
16.Qd2 Rfd8 17.Qh6 Nxb3 18.axb3 Rc2 19.Rxd8+ Bxd8 20.Rd1 Be7 21.Nd4 Rc5 22.e3 Bxg2
23.Kxg2 Qb7+ 24.Kg1 Qe4 25.Qf4 Qxf4 26.gxf4 f5 27.Ra1 Bf6 28.Nf3 Rc6 29.Ra2 Be7
30.Kf1 Bb4 31.Ne1 Rd6 32.Ke2 f6 33.Ra1 Kf7 34.Rc1 e5 35.fxe5 fxe5  0-1

[Event "Wch U20"]
[Site "Buenos Aires"]
[Date "1992.??.??"]
[Round "?"]
[White "Michelakis, George"]
[Black "Zarnicki, Pablo"]
[Result "1/2-1/2"]
[WhiteElo "2355"]
[BlackElo "2455"]

1.c4 e6 2.g3 d5 3.Bg2 Nf6 4.Nf3 Be7 5.d4 O-O 6.O-O c6 7.Nbd2 Nbd7 8.Qc2 b6
9.e4 Bb7 10.e5 Ne8 11.cxd5 cxd5 12.Re1 Rc8 13.Qd1 Nb8 14.Nf1 Nc6 15.a3 Na5
16.h4 Ba6 17.b4 Nc4 18.N1h2 Nc7 19.h5 Bb7 20.Ng4 a5 21.bxa5 bxa5 22.Bf1 Nb5
23.Qb3 Ba6 24.a4 Na7 25.Bd3 Nc6 26.Bb1 Nb4 27.Kg2 Rc6 28.Rh1 Kh8 29.Nh4 Bg5
30.f4 Bxh4 31.gxh4 f5 32.Nf2 h6 33.Qg3 Nb6 34.Ba3 Rc4 35.Bd3 Rc3 36.Rhc1 Rxd3
37.Nxd3 Bxd3 38.Bxb4 Be4+ 39.Kh3 axb4 40.Rc6 Rf7 41.a5 Nc4 42.a6 Ra7 43.Rxe6 Nd2
44.Qg6 Ra8 45.Rg1 Qf8 46.Rb6 Nf3 47.Rg3 Qe7 48.Rxf3 Bxf3 49.Rb7 Qf8 50.a7 Bg4+
51.Kg3 Rc8 52.Qd6 Rc3+ 53.Kf2 Qc8 54.Rb8 Rc2+ 55.Ke3 Rc3+ 56.Kf2 Rc2+ 57.Ke3 Rc3+  1/2-1/2

[Event "Wch U20"]
[Site "Buenos Aires"]
[Date "1992.??.??"]
[Round "?"]
[White "Nielsen, Peter Heine"]
[Black "Danielian, Oganes"]
[Result "1/2-1/2"]
[WhiteElo "2465"]
[BlackElo "2460"]

1.d4 e6 2.c4 d5 3.Nf3 Nf6 4.g3 Be7 5.Bg2 O-O 6.Nc3 dxc4 7.Ne5 c5 8.dxc5 Qc7
9.Nxc4 Qxc5 10.Qb3 Nc6 11.Be3 Qh5 12.h3 e5 13.g4 Qh4 14.Nd2 Nd7 15.Nf3 Qf6
16.Nd5 Qe6 17.Ng5 Bxg5 18.Bxg5 Kh8 19.Nc7 Qxb3 20.axb3 Rb8 21.Be3 Nb6 22.O-O Na8
23.Na6 bxa6 24.Bxc6 Bb7 25.Bxb7 Rxb7 26.Rxa6 Rxb3 27.Rxa7 Rxb2 28.Rd1 Kg8
29.Bc5 Rc8 30.Ba3 Rxe2 31.Rad7 h5 32.Rd8+ Rxd8 33.Rxd8+ Kh7 34.Rxa8 hxg4
35.hxg4 Re4 36.f3 Rf4 37.Kg2 e4 38.fxe4 Rxe4 39.Kf3 Rc4 40.Re8 Kg6 41.Re3 f5
42.Re6+ Kf7 43.Re7+ Kf6 44.g5+ Kxg5 45.Rxg7+ Kh6  1/2-1/2